| 000 | 00538cam a2200157 a 4500 | ||
|---|---|---|---|
| 020 | _a490623674X | ||
| 040 | _cDLC | ||
| 082 | _a845 UNI 2000 A096 Co. | ||
| 245 | 0 | 0 |
_aProject planning, implementation, and evaluation : _ba training manual / |
| 260 |
_aNairobi, Kenya : _bUnited Nations Centre for Regional Development, Africa Office, _cc2000. |
||
| 300 |
_axi, 238 p. : _bill. ; _c25 cm. |
||
| 650 | 0 | _aEconomic development projects | |
| 700 | 1 | _aMbeche, Isaac. | |
| 710 | 2 | _aUnited Nations Centre for Regional Development. | |
| 942 | _cEK | ||
| 999 |
_c15754 _d15754 |
||